[Event "Tournoi International du Pays de Charleroi 2018"]
[Site "Roux, Belgium"]
[Date "2018.08.01"]
[Round "6.29"]
[White "Schuermans, Robert"]
[Black "Godry, Clement"]
[Result "1-0"]
[WhiteElo "2044"]
[BlackElo "1940"]

1. e4 {[%clk 01:30:53]} {[%emt 00:00:06]} e5 {[%clk 01:30:27]} {[%emt
00:00:33]} 2. f4 {[%clk 01:30:56]} {[%emt 00:00:26]} Nc6 {[%clk 01:30:01]}
{[%emt 00:00:56]} 3. Nf3 {[%clk 01:28:41]} {[%emt 00:02:45]} f5 {[%clk
01:29:46]} {[%emt 00:00:46]} 4. exf5 {[%clk 01:22:57]} {[%emt 00:06:13]} e4
{[%clk 01:30:05]} {[%emt 00:00:12]} 5. Ng5 {[%clk 01:18:31]} {[%emt 00:04:55]}
Nf6 {[%clk 01:30:16]} {[%emt 00:00:19]} 6. d3 {[%clk 01:17:43]} {[%emt
00:01:19]} Qe7 {[%clk 01:29:25]} {[%emt 00:01:21]} 7. Be2 {[%clk 01:12:12]}
{[%emt 00:06:00]} exd3 {[%clk 01:26:06]} {[%emt 00:03:50]} 8. Qxd3 {[%clk
01:06:42]} {[%emt 00:05:59]} h6 {[%clk 01:24:39]} {[%emt 00:01:58]} 9. Nf3
{[%clk 00:56:15]} {[%emt 00:10:56]} Nb4 {[%clk 01:22:24]} {[%emt 00:02:45]} 10.
Qd1 {[%clk 00:52:34]} {[%emt 00:04:09]} Qe4 {[%clk 01:19:45]} {[%emt 00:03:10]}
11. Nc3 {[%clk 00:47:00]} {[%emt 00:06:04]} Qxc2 {[%clk 01:09:52]} {[%emt
00:10:24]} 12. a3 {[%clk 00:39:45]} {[%emt 00:07:45]} Qxd1+ {[%clk 01:08:34]}
{[%emt 00:01:49]} 13. Kxd1 {[%clk 00:39:57]} {[%emt 00:00:16]} Nc6 {[%clk
01:07:29]} {[%emt 00:01:36]} 14. Nb5 {[%clk 00:38:53]} {[%emt 00:01:33]} Bd6
{[%clk 00:59:56]} {[%emt 00:08:04]} 15. Bc4 {[%clk 00:36:51]} {[%emt 00:02:32]}
a6 {[%clk 00:59:17]} {[%emt 00:01:11]} 16. Re1+ {[%clk 00:36:33]} {[%emt
00:00:45]} Kd8 {[%clk 00:59:34]} {[%emt 00:00:14]} 17. Nxd6 {[%clk 00:36:48]}
{[%emt 00:00:16]} cxd6 {[%clk 00:59:51]} {[%emt 00:00:13]} 18. Be3 {[%clk
00:31:08]} {[%emt 00:06:08]} Kc7 {[%clk 00:59:55]} {[%emt 00:00:27]} 19. Kc2
{[%clk 00:30:50]} {[%emt 00:00:47]} b5 {[%clk 01:00:13]} {[%emt 00:00:14]} 20.
Ba2 {[%clk 00:29:08]} {[%emt 00:02:12]} Bb7 {[%clk 01:00:08]} {[%emt 00:00:35]}
21. Rad1 {[%clk 00:28:23]} {[%emt 00:01:13]} Rhe8 {[%clk 00:59:57]} {[%emt
00:00:41]} 22. Bf7 {[%clk 00:22:28]} {[%emt 00:06:26]} Re7 {[%clk 00:59:53]}
{[%emt 00:00:34]} 23. Bg6 {[%clk 00:22:37]} {[%emt 00:00:20]} Rc8 {[%clk
00:59:11]} {[%emt 00:01:13]} 24. Kb1 {[%clk 00:22:39]} {[%emt 00:00:27]} d5
{[%clk 00:58:22]} {[%emt 00:01:20]} 25. h3 {[%clk 00:19:34]} {[%emt 00:03:36]}
d6 {[%clk 00:57:40]} {[%emt 00:01:12]} 26. g4 {[%clk 00:18:26]} {[%emt
00:01:37]} Kd7 {[%clk 00:55:44]} {[%emt 00:02:25]} 27. g5 {[%clk 00:18:07]}
{[%emt 00:00:49]} Ne4 {[%clk 00:55:01]} {[%emt 00:01:14]} 28. f6 {[%clk
00:15:58]} {[%emt 00:02:39]} gxf6 {[%clk 00:55:06]} {[%emt 00:00:25]} 29. Bf5+
{[%clk 00:16:18]} {[%emt 00:00:10]} Kc7 {[%clk 00:55:27]} {[%emt 00:00:09]} 30.
Bxc8 {[%clk 00:16:26]} {[%emt 00:00:22]} Bxc8 {[%clk 00:55:50]} {[%emt
00:00:07]} 31. gxh6 {[%clk 00:10:45]} {[%emt 00:06:12]} Rh7 {[%clk 00:55:09]}
{[%emt 00:01:10]} 32. Rxd5 {[%clk 00:06:53]} {[%emt 00:04:23]} Be6 {[%clk
00:55:07]} {[%emt 00:00:32]} 33. Rdd1 {[%clk 00:06:06]} {[%emt 00:01:16]} Bf5
{[%clk 00:55:07]} {[%emt 00:00:30]} 34. Ka1 {[%clk 00:06:18]} {[%emt 00:00:18]}
Rxh6 {[%clk 00:55:24]} {[%emt 00:00:13]} 35. Rc1 {[%clk 00:06:17]} {[%emt
00:00:31]} Kd7 {[%clk 00:55:32]} {[%emt 00:00:23]} 36. Rxc6 {[%clk 00:06:23]}
{[%emt 00:00:24]} Kxc6 {[%clk 00:55:20]} {[%emt 00:00:41]} 37. Nd4+ {[%clk
00:06:43]} {[%emt 00:00:10]} Kd5 {[%clk 00:55:43]} {[%emt 00:00:07]} 38. Nxf5
{[%clk 00:07:03]} {[%emt 00:00:10]} Rxh3 {[%clk 00:56:07]} {[%emt 00:00:06]} 39.
Bc1 {[%clk 00:05:59]} {[%emt 00:01:34]} Nf2 {[%clk 00:54:56]} {[%emt 00:01:40]}
40. Ne3+ {[%clk 00:03:38]} {[%emt 00:02:52]} Kc6 {[%clk 00:54:45]} {[%emt
00:00:40]} 41. Nc2 {[%clk 00:02:19]} {[%emt 00:01:49]} Nd3 {[%clk 00:54:20]}
{[%emt 00:00:56]} 42. Nb4+ {[%clk 00:02:30]} {[%emt 00:00:20]} Nxb4 {[%clk
00:54:39]} {[%emt 00:00:11]} 43. axb4 {[%clk 00:02:53]} {[%emt 00:00:07]} Kd5
{[%clk 00:54:50]} {[%emt 00:00:18]} 44. Rd1+ {[%clk 00:01:04]} {[%emt
00:02:19]} Ke6 {[%clk 00:54:54]} {[%emt 00:00:26]} 45. Kb1 {[%clk 00:29:44]}
{[%emt 00:01:49]} Rh2 {[%clk 01:24:28]} {[%emt 00:00:57]} 46. Rd2 {[%clk
00:29:46]} {[%emt 00:00:29]} Rh1 {[%clk 01:24:34]} {[%emt 00:00:23]} 47. Kc2
{[%clk 00:29:35]} {[%emt 00:00:40]} Rh8 {[%clk 01:24:38]} {[%emt 00:00:25]} 48.
Re2+ {[%clk 00:29:25]} {[%emt 00:00:42]} Kd5 {[%clk 01:24:51]} {[%emt
00:00:15]} 49. Bd2 {[%clk 00:28:55]} {[%emt 00:01:02]} Rc8+ {[%clk 01:24:47]}
{[%emt 00:00:33]} 50. Bc3 {[%clk 00:28:46]} {[%emt 00:00:40]} Rc4 {[%clk
01:25:10]} {[%emt 00:00:06]} 51. Rd2+ {[%clk 00:28:03]} {[%emt 00:01:14]} Ke6
{[%clk 01:25:23]} {[%emt 00:00:16]} 52. f5+ {[%clk 00:28:00]} {[%emt 00:00:35]}
Kxf5 {[%clk 01:25:16]} {[%emt 00:00:37]} 53. Rxd6 {[%clk 00:28:03]} {[%emt
00:00:26]} Kg5 {[%clk 01:25:27]} {[%emt 00:00:19]} 54. Rxa6 {[%clk 00:27:09]}
{[%emt 00:01:25]} f5 {[%clk 01:25:49]} {[%emt 00:00:07]} 55. Rb6 {[%clk
00:27:15]} {[%emt 00:00:25]} f4 {[%clk 01:26:13]} {[%emt 00:00:06]} 56. Rxb5+
{[%clk 00:27:07]} {[%emt 00:00:38]} Kg4 {[%clk 01:26:34]} {[%emt 00:00:08]} 57.
Rb8 {[%clk 00:26:14]} {[%emt 00:01:23]} f3 {[%clk 01:26:52]} {[%emt 00:00:13]}
58. Rg8+ {[%clk 00:25:58]} {[%emt 00:00:45]} Kh3 {[%clk 01:27:02]} {[%emt
00:00:13]} 59. Kd1 {[%clk 00:25:33]} {[%emt 00:01:01]} Re4 {[%clk 01:27:16]}
{[%emt 00:00:18]} 60. Be1 {[%clk 00:24:01]} {[%emt 00:02:01]} Rd4+ {[%clk
01:27:29]} {[%emt 00:00:17]} 61. Kc2 {[%clk 00:23:08]} {[%emt 00:01:22]} Rf4
{[%clk 01:27:32]} {[%emt 00:00:28]} 62. Bf2 {[%clk 00:22:13]} {[%emt 00:01:26]}
Rxb4 {[%clk 01:27:29]} {[%emt 00:00:33]} 63. Rg3 {[%clk 00:22:13]} {[%emt
00:00:29]} Kh2 {[%clk 01:27:42]} {[%emt 00:00:16]} 64. Rxf3 {[%clk 00:22:26]}
{[%emt 00:00:19]} Kg2 {[%clk 01:27:41]} {[%emt 00:00:30]} 65. Rf8 {[%clk
00:22:21]} {[%emt 00:00:35]} 1-0

[Event "Tournoi International du Pays de Charleroi 2018"]
[Site "Roux, Belgium"]
[Date "2018.08.01"]
[Round "6.31"]
[White "Dierckens, Sarah"]
[Black "Verheyen, Olivier"]
[Result "0-1"]
[WhiteElo "1783"]
[BlackElo "2012"]

1. Nf3 {[%clk 01:30:59]} Nf6 {[%clk 01:30:53]} {[%emt 00:00:07]} 2. g3 {[%clk
01:31:20]} {[%emt 00:00:09]} g6 {[%clk 01:31:15]} {[%emt 00:00:09]} 3. b3
{[%clk 01:31:46]} {[%emt 00:00:04]} Bg7 {[%clk 01:31:29]} {[%emt 00:00:16]} 4.
Bb2 {[%clk 01:32:11]} {[%emt 00:00:06]} d6 {[%clk 01:29:19]} {[%emt 00:02:39]}
5. d4 {[%clk 01:32:23]} {[%emt 00:00:18]} O-O {[%clk 01:29:14]} {[%emt
00:00:34]} 6. Bg2 {[%clk 01:32:48]} {[%emt 00:00:05]} c5 {[%clk 01:27:16]}
{[%emt 00:02:28]} 7. dxc5 {[%clk 01:30:15]} {[%emt 00:03:03]} dxc5 {[%clk
01:26:58]} {[%emt 00:00:49]} 8. Qxd8 {[%clk 01:30:30]} {[%emt 00:00:15]} Rxd8
{[%clk 01:27:26]} {[%emt 00:00:02]} 9. Na3 {[%clk 01:28:07]} {[%emt 00:02:53]}
Nc6 {[%clk 01:11:45]} {[%emt 00:16:10]} 10. O-O {[%clk 01:15:05]} {[%emt
00:13:32]} Be6 {[%clk 01:04:43]} {[%emt 00:07:33]} 11. h3 {[%clk 01:05:03]}
{[%emt 00:10:31]} Rd7 {[%clk 00:57:36]} {[%emt 00:07:37]} 12. Ng5 {[%clk
01:02:57]} {[%emt 00:02:37]} Bd5 {[%clk 00:54:29]} {[%emt 00:03:37]} 13. Nf3
{[%clk 00:48:56]} {[%emt 00:14:31]} Nd4 {[%clk 00:43:11]} {[%emt 00:11:47]} 14.
Bxd4 {[%clk 00:45:38]} {[%emt 00:03:48]} cxd4 {[%clk 00:41:13]} {[%emt
00:02:29]} 15. Rad1 {[%clk 00:44:22]} {[%emt 00:01:45]} Ne4 {[%clk 00:33:31]}
{[%emt 00:08:11]} 16. Nb5 {[%clk 00:31:42]} {[%emt 00:13:10]} e5 {[%clk
00:27:30]} {[%emt 00:06:30]} 17. Nd2 {[%clk 00:32:08]} {[%emt 00:00:06]} Nxd2
{[%clk 00:26:01]} {[%emt 00:01:58]} 18. Rxd2 {[%clk 00:31:28]} {[%emt
00:01:10]} Bxg2 {[%clk 00:24:30]} {[%emt 00:02:01]} 19. Kxg2 {[%clk 00:31:52]}
{[%emt 00:00:06]} a6 {[%clk 00:24:25]} {[%emt 00:00:36]} 20. Nc3 {[%clk
00:31:36]} {[%emt 00:00:45]} Rc8 {[%clk 00:23:33]} {[%emt 00:01:22]} 21. Na4
{[%clk 00:30:51]} {[%emt 00:01:15]} Rc6 {[%clk 00:23:16]} {[%emt 00:00:47]} 22.
e3 {[%clk 00:30:03]} {[%emt 00:01:18]} b5 {[%clk 00:23:30]} {[%emt 00:00:16]}
23. Nb2 {[%clk 00:29:24]} {[%emt 00:01:09]} Rdc7 {[%clk 00:23:05]} {[%emt
00:00:55]} 24. Rc1 {[%clk 00:25:24]} {[%emt 00:04:31]} Bh6 {[%clk 00:21:31]}
{[%emt 00:02:03]} 25. Nd1 {[%clk 00:25:18]} {[%emt 00:00:37]} f5 {[%clk
00:19:17]} {[%emt 00:02:44]} 26. f4 {[%clk 00:23:13]} {[%emt 00:02:34]} dxe3
{[%clk 00:18:15]} {[%emt 00:01:32]} 27. Nxe3 {[%clk 00:21:32]} {[%emt
00:02:11]} exf4 {[%clk 00:18:20]} {[%emt 00:00:25]} 28. gxf4 {[%clk 00:16:45]}
{[%emt 00:05:17]} Bxf4 {[%clk 00:18:28]} {[%emt 00:00:22]} 29. Kf3 {[%clk
00:15:23]} {[%emt 00:01:52]} Bxe3 {[%clk 00:17:31]} {[%emt 00:01:27]} 30. Kxe3
{[%clk 00:15:51]} {[%emt 00:00:02]} Rc3+ {[%clk 00:17:17]} {[%emt 00:00:44]} 31.
Kf4 {[%clk 00:16:12]} {[%emt 00:00:09]} Rxh3 {[%clk 00:17:09]} {[%emt
00:00:37]} 32. Rcd1 {[%clk 00:15:26]} {[%emt 00:01:18]} Rh4+ {[%clk 00:15:53]}
{[%emt 00:01:46]} 33. Kg5 {[%clk 00:15:10]} {[%emt 00:00:45]} Rg4+ {[%clk
00:15:21]} {[%emt 00:01:01]} 34. Kh6 {[%clk 00:13:44]} {[%emt 00:01:57]} Rh4
{[%clk 00:13:33]} {[%emt 00:02:18]} 35. Kg5 {[%clk 00:14:08]} {[%emt 00:00:06]}
Re4 {[%clk 00:13:28]} {[%emt 00:00:35]} 36. Rd6 {[%clk 00:11:53]} {[%emt
00:02:44]} Kg7 {[%clk 00:13:30]} {[%emt 00:00:28]} 37. Rd7+ {[%clk 00:10:34]}
{[%emt 00:01:50]} Re7 {[%clk 00:13:58]} {[%emt 00:00:01]} 38. Rxe7+ {[%clk
00:09:51]} {[%emt 00:01:14]} Rxe7 {[%clk 00:14:27]} {[%emt 00:00:01]} 39. Rd6
{[%clk 00:10:12]} {[%emt 00:00:09]} h6+ {[%clk 00:14:12]} {[%emt 00:00:45]} 40.
Kf4 {[%clk 00:10:35]} {[%emt 00:00:06]} a5 {[%clk 00:11:37]} {[%emt 00:03:06]}
41. Rd5 {[%clk 00:09:36]} {[%emt 00:01:29]} Rb7 {[%clk 00:11:19]} {[%emt
00:00:48]} 42. a4 {[%clk 00:07:58]} {[%emt 00:02:08]} bxa4 {[%clk 00:11:37]}
{[%emt 00:00:12]} 43. bxa4 {[%clk 00:08:23]} {[%emt 00:00:04]} Rb4+ {[%clk
00:11:33]} {[%emt 00:00:34]} 44. Ke5 {[%clk 00:08:42]} {[%emt 00:00:12]} Re4+
{[%clk 00:11:51]} {[%emt 00:00:13]} 45. Kd6 {[%clk 00:09:05]} {[%emt 00:00:05]}
Rxa4 {[%clk 00:12:13]} {[%emt 00:00:09]} 46. Kc5 {[%clk 00:08:12]} {[%emt
00:01:24]} f4 {[%clk 00:11:26]} {[%emt 00:01:16]} 47. Kb5 {[%clk 00:08:00]}
{[%emt 00:00:42]} Ra1 {[%clk 00:11:33]} {[%emt 00:00:23]} 48. c4 {[%clk
00:08:10]} {[%emt 00:00:20]} f3 {[%clk 00:11:52]} {[%emt 00:00:11]} 49. Rd7+
{[%clk 00:06:35]} {[%emt 00:02:05]} Kf6 {[%clk 00:12:16]} {[%emt 00:00:07]} 50.
Rd2 {[%clk 00:06:44]} {[%emt 00:00:21]} Rf1 {[%clk 00:12:13]} {[%emt 00:00:32]}
51. c5 {[%clk 00:06:19]} {[%emt 00:00:55]} f2 {[%clk 00:12:41]} {[%emt
00:00:02]} 52. Ka6 {[%clk 00:05:03]} {[%emt 00:01:46]} Kg5 {[%clk 00:12:11]}
{[%emt 00:00:59]} 53. Rc2 {[%clk 00:04:14]} {[%emt 00:01:20]} a4 {[%clk
00:09:36]} {[%emt 00:03:05]} 54. c6 {[%clk 00:03:05]} {[%emt 00:01:39]} a3
{[%clk 00:09:55]} {[%emt 00:00:12]} 55. c7 {[%clk 00:03:09]} {[%emt 00:00:25]}
a2 {[%clk 00:10:12]} {[%emt 00:00:13]} 56. Rc5+ {[%clk 00:30:00]} {[%emt
00:03:39]} Kh4 {[%clk 00:40:26]} {[%emt 00:00:15]} 57. Rc4 {[%clk 00:28:55]}
{[%emt 00:01:36]} Kh5 {[%clk 00:40:26]} {[%emt 00:00:29]} 58. c8=Q {[%clk
00:26:11]} {[%emt 00:00:37]} a1=Q+ {[%clk 00:40:41]} {[%emt 00:02:54]} 59. Kb6
{[%clk 00:25:50]} {[%emt 00:00:51]} Rb1+ {[%clk 00:40:07]} {[%emt 00:01:03]} 60.
Kc6 {[%clk 00:22:26]} {[%emt 00:03:53]} Qf6+ {[%clk 00:40:22]} {[%emt
00:00:14]} 61. Kd5 {[%clk 00:22:16]} {[%emt 00:00:43]} Qf5+ {[%clk 00:40:11]}
{[%emt 00:00:40]} 62. Qxf5 {[%clk 00:22:05]} {[%emt 00:00:40]} gxf5 {[%clk
00:40:40]} {[%emt 00:00:02]} 63. Kd4 {[%emt 00:01:06]} 0-1

[Event "Tournoi International du Pays de Charleroi 2018"]
[Site "Roux, Belgium"]
[Date "2018.08.01"]
[Round "6.30"]
[White "Grodent, Gerald"]
[Black "Barbier, Astrid"]
[Result "1-0"]
[WhiteElo "2017"]
[BlackElo "1842"]

1. Nf3 {[%clk 01:30:53]} {[%emt 00:00:06]} c5 {[%clk 01:30:47]} {[%emt
00:00:14]} 2. b3 {[%clk 01:30:33]} {[%emt 00:00:50]} Nc6 {[%clk 01:28:32]}
{[%emt 00:02:45]} 3. Bb2 {[%clk 01:27:53]} {[%emt 00:03:10]} b6 {[%clk
01:24:16]} {[%emt 00:04:47]} 4. e3 {[%clk 01:26:29]} {[%emt 00:01:54]} e6
{[%clk 01:22:00]} {[%emt 00:02:46]} 5. d4 {[%clk 01:22:21]} {[%emt 00:04:38]}
Nf6 {[%clk 01:17:17]} {[%emt 00:05:13]} 6. Bd3 {[%clk 01:20:07]} {[%emt
00:02:43]} Bb7 {[%clk 01:15:32]} {[%emt 00:02:16]} 7. O-O {[%clk 01:19:19]}
{[%emt 00:01:17]} Be7 {[%clk 01:14:35]} {[%emt 00:01:28]} 8. a3 {[%clk
01:19:14]} {[%emt 00:00:34]} O-O {[%clk 01:11:25]} {[%emt 00:03:41]} 9. c4
{[%clk 01:18:43]} {[%emt 00:01:01]} d5 {[%clk 01:10:08]} {[%emt 00:01:46]} 10.
Qe2 {[%clk 01:15:44]} {[%emt 00:03:28]} Rc8 {[%clk 01:08:27]} {[%emt 00:02:13]}
11. Rd1 {[%clk 01:11:56]} {[%emt 00:04:18]} Qc7 {[%clk 01:07:36]} {[%emt
00:01:21]} 12. Nc3 {[%clk 01:10:13]} {[%emt 00:02:12]} Na5 {[%clk 01:01:02]}
{[%emt 00:07:04]} 13. dxc5 {[%clk 00:56:52]} {[%emt 00:13:51]} dxc4 {[%clk
00:58:04]} {[%emt 00:03:28]} 14. bxc4 {[%clk 00:51:15]} {[%emt 00:06:07]} Qxc5
{[%clk 00:51:54]} {[%emt 00:06:39]} 15. Rac1 {[%clk 00:35:28]} {[%emt
00:16:17]} Qh5 {[%clk 00:38:10]} {[%emt 00:14:14]} 16. e4 {[%clk 00:23:34]}
{[%emt 00:12:24]} Nb3 {[%clk 00:36:35]} {[%emt 00:02:05]} 17. Rb1 {[%clk
00:21:05]} {[%emt 00:02:59]} Nc5 {[%clk 00:33:59]} {[%emt 00:03:07]} 18. Bc2
{[%clk 00:20:52]} {[%emt 00:00:43]} Nfd7 {[%clk 00:25:02]} {[%emt 00:09:26]} 19.
Nb5 {[%clk 00:20:05]} {[%emt 00:01:18]} a6 {[%clk 00:18:33]} {[%emt 00:06:59]}
20. Nd6 {[%clk 00:20:11]} {[%emt 00:00:23]} Bxd6 {[%clk 00:18:32]} {[%emt
00:00:32]} 21. Rxd6 {[%clk 00:20:37]} {[%emt 00:00:01]} Rc6 {[%clk 00:17:35]}
{[%emt 00:01:29]} 22. Rbd1 {[%clk 00:18:53]} {[%emt 00:02:13]} Rxd6 {[%clk
00:17:22]} {[%emt 00:00:45]} 23. Rxd6 {[%clk 00:19:22]} Rc8 {[%clk 00:17:27]}
{[%emt 00:00:25]} 24. Qe3 {[%clk 00:17:09]} {[%emt 00:02:43]} Rc6 {[%clk
00:15:50]} {[%emt 00:02:07]} 25. Qd4 {[%clk 00:17:04]} {[%emt 00:00:35]} Rxd6
{[%clk 00:14:39]} {[%emt 00:01:41]} 26. Qxg7+ {[%emt 00:00:39]} 1-0

[Event "Tournoi International du Pays de Charleroi 2018"]
[Site "Roux, Belgium"]
[Date "2018.08.01"]
[Round "6.3"]
[White "Kukov, Velislav"]
[Black "Miezis, Normunds"]
[Result "0-1"]
[WhiteTitle "IM"]
[BlackTitle "GM"]
[WhiteElo "2382"]
[BlackElo "2463"]

1. Nf3 {[%clk 01:30:55]} {[%emt 00:00:04]} c5 {[%clk 01:30:22]} {[%emt
00:00:38]} 2. e3 {[%clk 01:31:15]} {[%emt 00:00:10]} Nf6 {[%clk 01:29:08]}
{[%emt 00:01:44]} 3. c4 {[%clk 01:31:17]} {[%emt 00:00:29]} e6 {[%clk
01:25:02]} {[%emt 00:04:35]} 4. Nc3 {[%clk 01:31:22]} {[%emt 00:00:25]} d5
{[%clk 01:24:38]} {[%emt 00:00:55]} 5. d4 {[%clk 01:29:51]} {[%emt 00:02:01]}
Nc6 {[%clk 01:24:33]} {[%emt 00:00:34]} 6. cxd5 {[%clk 01:29:16]} {[%emt
00:01:06]} exd5 {[%clk 01:24:46]} {[%emt 00:00:17]} 7. Be2 {[%clk 01:26:41]}
{[%emt 00:03:05]} a6 {[%clk 01:23:27]} {[%emt 00:01:48]} 8. O-O {[%clk
01:26:43]} {[%emt 00:00:27]} Bd6 {[%clk 01:14:39]} {[%emt 00:09:18]} 9. dxc5
{[%clk 01:25:22]} {[%emt 00:01:52]} Bxc5 {[%clk 01:14:52]} {[%emt 00:00:17]} 10.
b3 {[%clk 01:25:22]} {[%emt 00:00:30]} O-O {[%clk 01:13:49]} {[%emt 00:01:32]}
11. Bb2 {[%clk 01:22:58]} {[%emt 00:02:55]} h6 {[%clk 01:07:40]} {[%emt
00:06:39]} 12. Rc1 {[%clk 01:09:54]} {[%emt 00:13:33]} Ba7 {[%clk 01:04:09]}
{[%emt 00:04:00]} 13. Rc2 {[%clk 00:56:31]} {[%emt 00:13:54]} Qe7 {[%clk
00:58:21]} {[%emt 00:06:16]} 14. Qa1 {[%clk 00:46:19]} {[%emt 00:10:43]} Rd8
{[%clk 00:57:22]} {[%emt 00:01:29]} 15. Nd1 {[%clk 00:38:02]} {[%emt 00:08:48]}
Ne8 {[%clk 00:52:40]} {[%emt 00:05:11]} 16. Ne5 {[%clk 00:34:50]} {[%emt
00:03:43]} Nxe5 {[%clk 00:47:24]} {[%emt 00:05:45]} 17. Bxe5 {[%clk 00:35:03]}
{[%emt 00:00:17]} Bf5 {[%clk 00:47:19]} {[%emt 00:00:34]} 18. Rd2 {[%clk
00:33:29]} {[%emt 00:02:04]} Rac8 {[%clk 00:47:20]} {[%emt 00:00:29]} 19. Bd4
{[%clk 00:29:14]} {[%emt 00:04:46]} Bb8 {[%clk 00:46:25]} {[%emt 00:01:23]} 20.
Nc3 {[%clk 00:26:25]} {[%emt 00:03:20]} h5 {[%clk 00:38:38]} {[%emt 00:08:16]}
21. g3 {[%clk 00:19:04]} {[%emt 00:07:52]} h4 {[%clk 00:33:19]} {[%emt
00:05:48]} 22. Bf3 {[%clk 00:18:28]} {[%emt 00:01:07]} hxg3 {[%clk 00:31:07]}
{[%emt 00:02:41]} 23. hxg3 {[%clk 00:16:59]} {[%emt 00:01:59]} Qg5 {[%clk
00:28:17]} {[%emt 00:03:20]} 24. Kg2 {[%clk 00:15:37]} {[%emt 00:01:53]} Qg6
{[%clk 00:20:48]} {[%emt 00:07:57]} 25. Rh1 {[%clk 00:09:02]} {[%emt 00:07:05]}
Be4 {[%clk 00:19:54]} {[%emt 00:01:24]} 26. Nxe4 {[%clk 00:06:27]} {[%emt
00:03:05]} dxe4 {[%clk 00:20:14]} {[%emt 00:00:09]} 27. Bh5 {[%clk 00:06:47]}
{[%emt 00:00:11]} Qg5 {[%clk 00:17:32]} {[%emt 00:03:12]} 28. Rh4 {[%clk
00:04:41]} {[%emt 00:02:36]} Be5 {[%clk 00:13:59]} {[%emt 00:04:03]} 29. Qd1
{[%clk 00:02:38]} {[%emt 00:02:33]} Bxd4 {[%clk 00:10:11]} {[%emt 00:04:18]} 30.
Rxd4 {[%clk 00:02:57]} {[%emt 00:00:12]} Rxd4 {[%clk 00:10:22]} {[%emt
00:00:19]} 31. Qxd4 {[%clk 00:02:50]} {[%emt 00:00:36]} Nf6 {[%clk 00:10:41]}
{[%emt 00:00:10]} 32. Qd1 {[%clk 00:01:08]} {[%emt 00:02:13]} g6 {[%clk
00:08:24]} {[%emt 00:02:47]} 33. Be2 {[%clk 00:01:33]} {[%emt 00:00:05]} Qe5
{[%clk 00:07:51]} {[%emt 00:01:03]} 34. Rh1 {[%clk 00:00:55]} {[%emt 00:01:10]}
Kg7 {[%clk 00:07:29]} {[%emt 00:00:51]} 35. Qd2 {[%clk 00:00:50]} {[%emt
00:00:35]} Qc3 {[%clk 00:04:20]} {[%emt 00:03:39]} 36. Qd6 {[%clk 00:00:42]}
{[%emt 00:00:39]} Qc5 {[%clk 00:03:31]} {[%emt 00:01:19]} 37. Qd2 {[%clk
00:00:55]} {[%emt 00:00:17]} Qc2 {[%clk 00:03:34]} {[%emt 00:00:27]} 38. Rd1
{[%clk 00:00:55]} {[%emt 00:00:29]} b5 {[%clk 00:03:48]} {[%emt 00:00:16]} 39.
Kf1 {[%clk 00:00:53]} {[%emt 00:00:32]} Qc5 {[%clk 00:03:27]} {[%emt 00:00:50]}
40. Qd6 {[%clk 00:00:34]} {[%emt 00:00:50]} Qf5 {[%clk 00:03:17]} {[%emt
00:00:40]} 41. Qd4 {[%clk 00:20:34]} {[%emt 00:10:31]} Rh8 {[%clk 00:29:00]}
{[%emt 00:04:46]} 42. g4 {[%clk 00:16:52]} {[%emt 00:04:12]} Qg5 {[%clk
00:20:20]} {[%emt 00:09:08]} 43. Ke1 {[%clk 00:16:41]} {[%emt 00:00:43]} Rh2
{[%clk 00:19:12]} {[%emt 00:01:37]} 44. Qb2 {[%clk 00:13:36]} {[%emt 00:03:36]}
Qh4 {[%clk 00:14:39]} {[%emt 00:05:02]} 45. Bf1 {[%clk 00:13:55]} {[%emt
00:00:12]} Qxg4 {[%clk 00:14:26]} {[%emt 00:00:43]} 46. Rd6 {[%clk 00:13:56]}
{[%emt 00:00:29]} Qf3 {[%clk 00:12:01]} {[%emt 00:02:55]} 47. Rxa6 {[%clk
00:12:53]} {[%emt 00:01:35]} b4 {[%clk 00:03:42]} {[%emt 00:08:49]} 48. Rb6
{[%clk 00:06:27]} {[%emt 00:06:56]} Qxe3+ {[%clk 00:02:21]} {[%emt 00:01:51]}
49. fxe3 {[%clk 00:06:54]} {[%emt 00:00:04]} Rxb2 {[%clk 00:02:44]} {[%emt
00:00:08]} 50. Rxb4 {[%clk 00:07:13]} {[%emt 00:00:10]} Rb1+ {[%clk 00:02:57]}
{[%emt 00:00:17]} 51. Ke2 {[%clk 00:07:15]} {[%emt 00:00:29]} Nd5 {[%clk
00:02:16]} {[%emt 00:01:10]} 52. Rd4 {[%clk 00:05:56]} {[%emt 00:01:49]} Nc3+
{[%clk 00:02:38]} {[%emt 00:00:08]} 53. Kf2 {[%clk 00:06:09]} {[%emt 00:00:17]}
f5 {[%clk 00:03:02]} {[%emt 00:00:06]} 54. a4 {[%clk 00:04:23]} {[%emt
00:02:16]} Rxb3 {[%clk 00:02:08]} {[%emt 00:01:23]} 55. a5 {[%clk 00:04:47]}
{[%emt 00:00:06]} Ra3 {[%clk 00:02:22]} {[%emt 00:00:15]} 56. Rd7+ {[%clk
00:04:10]} {[%emt 00:01:08]} Kf6 {[%clk 00:02:30]} {[%emt 00:00:22]} 57. a6
{[%clk 00:04:37]} {[%emt 00:00:04]} Ke6 {[%clk 00:01:41]} {[%emt 00:01:18]} 58.
Rg7 {[%clk 00:04:08]} {[%emt 00:00:59]} Nd1+ {[%clk 00:01:52]} {[%emt
00:00:18]} 59. Ke1 {[%clk 00:01:00]} {[%emt 00:03:38]} Nxe3 {[%clk 00:02:04]}
{[%emt 00:00:18]} 60. Bb5 {[%clk 00:00:49]} {[%emt 00:00:41]} Nc2+ {[%clk
00:01:38]} {[%emt 00:00:56]} 61. Kd2 {[%clk 00:01:01]} {[%emt 00:00:19]} Nd4
{[%clk 00:01:45]} {[%emt 00:00:23]} 62. Bc4+ {[%clk 00:01:10]} {[%emt
00:00:21]} Kf6 {[%clk 00:02:02]} {[%emt 00:00:13]} 63. Rf7+ {[%clk 00:01:37]}
{[%emt 00:00:03]} Ke5 {[%clk 00:02:03]} {[%emt 00:00:29]} 64. Re7+ {[%clk
00:01:54]} {[%emt 00:00:13]} Kd6 {[%clk 00:02:23]} {[%emt 00:00:09]} 65. Re8
{[%clk 00:02:03]} {[%emt 00:00:22]} Kc5 {[%clk 00:02:25]} {[%emt 00:00:28]} 66.
Rc8+ {[%clk 00:02:09]} {[%emt 00:00:24]} Kb6 {[%clk 00:02:04]} {[%emt
00:00:50]} 67. Kc1 {[%clk 00:01:31]} {[%emt 00:01:09]} e3 {[%clk 00:01:52]}
{[%emt 00:00:42]} 68. Kb2 {[%clk 00:01:59]} {[%emt 00:00:03]} Ra4 {[%clk
00:01:38]} {[%emt 00:00:44]} 69. Kc3 {[%clk 00:02:05]} {[%emt 00:00:24]} Nb5+
{[%clk 00:01:34]} {[%emt 00:00:34]} 70. Kd3 {[%clk 00:01:03]} {[%emt 00:01:32]}
Nd6 {[%clk 00:01:46]} {[%emt 00:00:18]} 71. Rb8+ {[%clk 00:01:11]} {[%emt
00:00:22]} Ka7 {[%clk 00:01:45]} {[%emt 00:00:31]} 72. Bb3 {[%clk 00:01:40]}
{[%emt 00:00:02]} e2 {[%clk 00:01:29]} {[%emt 00:00:46]} 0-1